[Event "Debrecen DEAC op"]
[Site "Debrecen"]
[Date "2002.10.20"]
[Round "7.3"]
[White "Prokopisin, Vasily V"]
[Black "Luca, Ionel"]
[Result "1-0"]
[WhiteElo "2256"]
[BlackElo "2125"]
[PlyCount "123"]
[EventDate "2002.10.18"]
[EventType "swiss"]
[EventRounds "7"]
[EventCountry "HUN"]
[SourceTitle "EXT 2004"]
[Source "ChessBase"]
[SourceDate "2003.11.25"]
[SourceVersion "1"]
[SourceVersionDate "2003.11.25"]
[SourceQuality "1"]

1. Nf3 Nf6 2. c4 e6 3. g3 b6 4. Bg2 Bb7 5. 0-0 c5 6. d4 cxd4 7. Nxd4 Bxg2 8. Kxg2 Nc6 9. Nc3 Bc5 10. Nc2 0-0 11. e4 Qc7 12. Be3 Ne5 13. Qe2 Qc6 14. f3 Bxe3 15. Nxe3 Rac8 16. b3 a6 17. Rac1 d6 18. Rfd1 Ne8 19. Nc2 Qb7 20. Nd4 Nc7 21. f4 Nc6 22. Qf3 Ne7 23. f5 Ne8 24. Rf1 e5 25. Nc2 b5 26. Ne3 Kh8 27. Rfd1 Ng8 28. g4 b4 29. Ncd5 a5 30. g5 f6 31. g6 h6 32. Nc2 Ne7 33. Nxe7 Qxe7 34. Rd5 Rc5 35. Rcd1 Qb7 36. Qe3 Qb6 37. Rxc5 dxc5 38. Rd5 Nd6 39. Qxc5 Qxc5 40. Rxc5 Nxe4 41. Rxa5 Nd6 42. Ne3 Rc8 43. Rd5 Ne4 44. Rb5 Ra8 45. Kf1 Kg8 46. Rxb4 Kf8 47. a4 Rd8 48. Nd5 Nd6 49. Nc7 Rc8 50. Ne6+ Ke7 51. Nxg7 Rg8 52. Nh5 Nxf5 53. Rb7+ Ke6 54. g7 Nd6 55. Ra7 Ne4 56. Ke1 f5 57. Ra6+ Kf7 58. Rxh6 Nc5 59. Rf6+ Ke7 60. Rxf5 Nd3+ 61. Ke2 Rd8 62. Ke3 1-0

[Event "Debrecen DEAC op"]
[Site "Debrecen"]
[Date "2002.10.19"]
[Round "4.2"]
[White "Dostan, Janos"]
[Black "Prokopisin, Vasily V"]
[Result "1-0"]
[WhiteElo "2334"]
[BlackElo "2256"]
[PlyCount "81"]
[EventDate "2002.10.18"]
[EventType "swiss"]
[EventRounds "7"]
[EventCountry "HUN"]
[SourceTitle "EXT 2004"]
[Source "ChessBase"]
[SourceDate "2003.11.25"]
[SourceVersion "1"]
[SourceVersionDate "2003.11.25"]
[SourceQuality "1"]

1. e4 c5 2. Nf3 e6 3. Nc3 Nc6 4. Bb5 Nge7 5. 0-0 g6 6. d3 Bg7 7. Be3 b6 8. Qd2 0-0 9. Rad1 Nd4 10. Bxd4 cxd4 11. Ne2 Nc6 12. Qf4 e5 13. Qg3 Re8 14. Ng5 Bf6 15. h4 h6 16. Nf3 Kh7 17. c3 Bb7 18. Bc4 Qe7 19. Bd5 Rad8 20. h5 Bc8 21. Nh2 Rf8 22. Qf3 Bg7 23. Ng3 Bb7 24. Qg4 Na5 25. Bxb7 Nxb7 26. cxd4 exd4 27. f4 Rg8 28. Nf3 d6 29. Kf2 Nc5 30. Rh1 Bf6 31. hxg6+ fxg6 32. Rxh6+ Kxh6 33. Rh1+ Bh4 34. Rxh4+ Qxh4 35. Qxh4+ Kg7 36. Qe7+ Kh6 37. Ng5 Rd7 38. Qf6 Nxd3+ 39. Kf3 Nxf4 40. Kxf4 d3 41. Nf5+ 1-0

[Event "Debrecen DEAC op"]
[Site "Debrecen"]
[Date "2002.10.19"]
[Round "3.5"]
[White "Prokopisin, Vasily V"]
[Black "Toros, Laszlo"]
[Result "1-0"]
[WhiteElo "2256"]
[BlackElo "1649"]
[PlyCount "37"]
[EventDate "2002.10.18"]
[EventType "swiss"]
[EventRounds "7"]
[EventCountry "HUN"]
[SourceTitle "EXT 2004"]
[Source "ChessBase"]
[SourceDate "2003.11.25"]
[SourceVersion "1"]
[SourceVersionDate "2003.11.25"]
[SourceQuality "1"]

1. Nf3 d5 2. d4 Nf6 3. c4 c6 4. g3 Bf5 5. Bg2 e6 6. 0-0 Be7 7. Nc3 0-0 8. Qb3 b6 9. Ne5 Nfd7 10. Nxd7 Nxd7 11. e4 dxe4 12. Nxe4 Nf6 13. Nxf6+ Bxf6 14. Bxc6 Rc8 15. d5 exd5 16. Bxd5 Bh3 17. Rd1 Qc7 18. Bf4 Qc5 19. Bd6 1-0

[Event "Debrecen DEAC op"]
[Site "Debrecen"]
[Date "2002.10.18"]
[Round "1.3"]
[White "Prokopisin, Vasily V"]
[Black "Cruceru, Lavinel"]
[Result "1-0"]
[WhiteElo "2256"]
[BlackElo "1780"]
[PlyCount "69"]
[EventDate "2002.10.18"]
[EventType "swiss"]
[EventRounds "7"]
[EventCountry "HUN"]
[SourceTitle "EXT 2004"]
[Source "ChessBase"]
[SourceDate "2003.11.25"]
[SourceVersion "1"]
[SourceVersionDate "2003.11.25"]
[SourceQuality "1"]

1. Nf3 Nf6 2. c4 e6 3. g3 b6 4. Bg2 Bb7 5. 0-0 Be7 6. d4 0-0 7. Nc3 c5 8. Qc2 cxd4 9. Nxd4 Bxg2 10. Kxg2 d5 11. Rd1 Qc8 12. cxd5 Qb7 13. e4 exd5 14. exd5 Na6 15. Nf5 Rfd8 16. Nxe7+ Qxe7 17. Bg5 h6 18. Bxf6 Qxf6 19. Qe2 Nc5 20. Qf3 Qd6 21. Rd2 Rac8 22. Rad1 a6 23. Re2 b5 24. a3 Rd7 25. Rde1 Rcd8 26. Re8+ Rxe8 27. Rxe8+ Kh7 28. b4 Nb7 29. Qf5+ g6 30. Qf3 Kg7 31. Ne4 Qb6 32. Qc3+ f6 33. Re6 Qd8 34. Nxf6 Rc7 35. Qxc7+ 1-0

[Event "UKR Summer Youth Games"]
[Site "Evpatoria"]
[Date "2002.05.19"]
[Round "7"]
[White "Lysak, Igor"]
[Black "Prokopisin, Vasily V"]
[Result "1/2-1/2"]
[WhiteElo "2401"]
[BlackElo "2332"]
[PlyCount "114"]
[EventDate "2002.05.13"]
[EventType "swiss"]
[EventRounds "9"]
[EventCountry "UKR"]
[SourceTitle "EXT 2003"]
[Source "ChessBase"]
[SourceDate "2002.11.25"]
[SourceVersion "1"]
[SourceVersionDate "2002.11.25"]
[SourceQuality "1"]

1. e4 c5 2. Nf3 e6 3. d3 Nc6 4. g3 g6 5. Bg2 Bg7 6. c3 Nge7 7. Be3 b6 8. 0-0 d5 9. exd5 Nxd5 10. d4 cxd4 11. Nxd4 Bd7 12. Na3 0-0 13. Nac2 Rc8 14. Qe2 Nce7 15. Rad1 Qc7 16. Bg5 h6 17. Bxe7 Nxe7 18. Nb5 Bxb5 19. Qxb5 Rfd8 20. Ne3 Kh7 21. Qa4 Nf5 22. Nxf5 exf5 23. Rfe1 Bf6 24. Bf1 Kg7 25. Bg2 Rxd1 26. Rxd1 Rd8 27. Rxd8 Bxd8 28. Qd4+ Bf6 29. Qd5 Qe5 30. Qxe5 Bxe5 31. Kf1 f4 32. Ke2 fxg3 33. hxg3 f5 34. Kd3 g5 35. Kc4 Bd6 36. b4 Be5 37. Kd3 Kf6 38. c4 Bd6 39. a3 Ke5 40. Bf3 g4 41. Bc6 Be7 42. f4+ gxf3 43. Bxf3 a5 44. bxa5 bxa5 45. a4 Bc5 46. Ke2 Kd4 47. Bd5 Bd6 48. Kf3 Bc5 49. Be6 Ke5 50. Bd5 Kd4 51. Bf7 Ke5 52. Be8 Bb6 53. Bb5 Bc5 54. g4 fxg4+ 55. Kxg4 Be3 56. Kh5 Kd4 57. Kg6 Kc5 1/2-1/2